Statystyki dla Elektryczne Gitary - "Kiler"

Kliknij tutaj aby rozwiązać quiz!

Ogólne statystyki

  • Ten quiz został rozwiązany 578 razy
  • Średni wynik to 19 z 24

Statystyki odpowiedzi

Tekst% Poprawnych
Już tylko {Kiler}...
98%
Już tylko {Kiler}, mówię O-o
98%
Już tylko {Kiler}, o sobie tylko tyle
98%
Już tylko {Kiler}, o sobie tylko tyle
98%
Już tylko {Kiler}, podniosłem bile
98%
Mam wszystko w tyle, są czasem {takie} {chwile}
94%
Mam wszystko w tyle, są czasem {takie} {chwile}
94%
Może się {mylę}, to chyba thriler a-ja-ja-ja-ja-ja-ja-jaj..
94%
Że się nie {mylę}, choć wcale nie wiem ile
94%
Że się nie {mylę}, choć wcale nie wiem ile
94%
Co się za mną dzieje, naprawdę {nie} {istnieje}
89%
To co się dzieje naprawdę {nie} {istnieje}
89%
Wiem co za ile, nie muszę dbać o {bilet}
87%
Wiem co za ile, nie muszę dbać o {bilet}
87%
Wracam za chwilę, nie dbam o bagaż, nie dbam o {bilet}
87%
Mam wszystko w {tyle}, wiem co za ile
85%
Poczekam i popatrzę, nie cofnę {kijem} {Wisły}
73%
Będzie co ma być, już wiem, że stąd {nie} {zwieję}
70%
Więc nie warto mieć niczego, tylko {karmić} {zmysły}
54%
Wtedy wreszcie sam też włączę się {do} {akcji}
46%
Nie kiwnąłem nawet palcem by się znaleźć w {takiej} {walce}
44%
Więc nie warto tak się bronić, tylko {lecieć} {z} {wiatrem}
43%
Teraz w {pace} swe ostatnie resztki image’u tracę
33%
Poczekam, popatrzę, {zrozumiem} {więcej}
28%

Rozkład punktacji

Percentyl według liczby udzielonych odpowiedzi

Procent ludzi z każdym wynikiem

Twoja historia wyników

Nie rozwiązałeś tego quizu